000 00604nam a2200229Ia 4500
003 OSt
005 20220928115403.0
006 a|||||r|||| 00| 0
007 ta
008 220927b |||||||| |||| 00| 0 eng d
024 _a75924
037 _cTextual
040 _aSDCL
_cSDCL
_beng
041 _2eng
_aeng
082 _aG:f3, Po
100 _aBanaszak Leonard J
_9444071
245 0 _aFoundations of structural biology.
260 _aSan
_bDiego Academic Press
_c2000
300 _axi,168p
_ccm.
942 _hG:f3, Po
_cTEXL
_2CC
999 _c759198
_d759198